بحوث و دراسات في اللغة و علوم القرآن / (Record no. 147007)

MARC details
000 -LEADER
fixed length control field 00602nam a22001937a 4500
005 - DATE AND TIME OF LATEST TRANSACTION
control field 20251108180001.0
008 - FIXED-LENGTH DATA ELEMENTS--GENERAL INFORMATION
fixed length control field 250721s2024 xx 000 0 ara d
082 14 - DEWEY DECIMAL CLASSIFICATION NUMBER
Classification number 211.6/شوك
100 1# - MAIN ENTRY--PERSONAL NAME
Personal name شوك، محمد عادل
245 10 - TITLE STATEMENT
Title بحوث و دراسات في اللغة و علوم القرآن /
264 1# - PRODUCTION, PUBLICATION, DISTRIBUTION, MANUFACTURE, AND COPYRIGHT NOTICE
Place of production, publication, distribution, manufacture عمان :
Name of producer, publisher, distributor, manufacturer دار غيداء للنشر و التوزيع،
Date of production, publication, distribution, manufacture, or copyright notice 2024.
300 ## - PHYSICAL DESCRIPTION
Extent 517ص.
650 17 - SUBJECT ADDED ENTRY--TOPICAL TERM
Topical term or geographic name as entry element لغة القرآن
650 17 - SUBJECT ADDED ENTRY--TOPICAL TERM
Topical term or geographic name as entry element الفاظ القرآن
650 17 - SUBJECT ADDED ENTRY--TOPICAL TERM
Topical term or geographic name as entry element قراءة القرآن
650 17 - SUBJECT ADDED ENTRY--TOPICAL TERM
Topical term or geographic name as entry element نحو القرآن
942 ## - ADDED ENTRY ELEMENTS (KOHA)
Source of classification or shelving scheme Dewey Decimal Classification
Koha item type Books
Holdings
حالة السحب حالة الفقدان مصدر التصنيف حالة التلف غير قابل للإعارة المكتبة الرئيسية المكتبة الحالية موقع الرف تاريخ التزويد الرقم المتسلسل Total Checkouts رقم الإستدعاء الباركود تاريخ آخر ظهور تاريخ الفاتورة نوع المادة (كوها)
    Dewey Decimal Classification     مكتبة الاميرة بديعة مكتبة الاميرة بديعة الإعارة 28/07/2025 1790906   211.6/شوك PLD00513612 28/07/2025 28/07/2025 Books
Implemented & Customized by: BBB with SCIT (Smart Chains for Information Technology)

Powered by Koha